00481nam a2200181Ia 450000500170000000800410001702000140005804000190007204100120009108200130010310000160011624500510013225000160018326000420019930000340024165000140027585000100028920240120113527.0131103s9999 xx 000 0 und d a297769464 aLoreto College aEnglish a370bVAI aVaizey,John aEducation in the Modern World, cJohn Vaizey aNew Edition aLondonbWeidenfeld and Nicolsonc1975 a176 p.b ill,fig.,maps,graphs aEducation aLCLIB